[Event "CCCSA Spring GM Invitational 2019"]
[Site "Charlotte"]
[Date "2019.03.24"]
[Round "8"]
[White "Mishra, Abhimanyu"]
[Black "Yanayt, Eugene"]
[Result "0-1"]
[WhiteElo "2232"]
[BlackElo "2287"]
[Annotator "TA"]
[PlyCount "74"]
[EventDate "2019.03.20"]
[EventType "tourn"]
[EventCountry "USA"]
[SourceTitle "playchess.com"]
[Source "ChessBase"]
[SourceQuality "1"]

{[%evp 25,74,41,31,25,31,0,4,0,0,-8,-17,-63,-52,-89,-83,-123,-127,-125,-102,-144,-64,-103,-113,-279,-276,-272,-264,-259,-243,-252,-207,-541,-599,-604,-571,-496,-435,-446,-117,-652,-19,-758,-754,-779,-758,-29988,-29989,-29991,-29991,-29996,-29997]} 1. e4 c5 2. Nf3 d6 3. d4 cxd4 4. Nxd4 Nf6 5. Nc3 g6 6. Be3 Bg7 7. f3 Nc6 8. Qd2 O-O 9. O-O-O d5 10. Qe1 e5 11. Nxc6 bxc6 12. exd5 Nxd5 13. Bc4 Be6 14. Kb1 {B76: Sicilian Dragon: Yugoslav Attack, 9 g4 and 9 0-0-0} a5 (14... Rb8 15. Ne4 Qc7 16. Bc5 Rfd8 17. g4 h6 18. Bb3 a5 19. Rg1 Rd7 20. h4 Rbd8 21. a4 Nf4 22. Rxd7 Rxd7 23. Bxe6 Nxe6 {½-½ (32) Anand,V (2776)-Nakamura,H (2787) Moscow 2018}) 15. Ne4 f5 $146 ({Predecessor:} 15... Re8 16. g4 Rb8 17. Bc5 a4 18. g5 Qd7 19. Ba3 Qa7 20. Bxd5 cxd5 21. Nf6+ Bxf6 22. gxf6 {0-1 (40) Fier,A (2583)-Beradze,I (2452) Tbilisi 2017}) 16. Ng5 {The position is equal.} Bc8 17. h4 h6 18. Nh3 Be6 19. Bc5 Re8 $1 20. h5 g5 $1 21. Nf2 Qc7 22. Ka1 {[#]} Kh8 ({Black should try} 22... Qf7 $1 $17 {White must now prevent ...Nb4.} 23. Qd2 Nf4 24. Bxe6 Nxe6) 23. g4 Nb4 24. Bxb4 $2 (24. Qc3 $17 {was necessary.}) 24... axb4 $19 25. Bxe6 Rxe6 26. Qxb4 ({Reject} 26. gxf5 Qa7 $19) 26... c5 {[%cal Bc6c5,Bc5c4,Bc4c3][%mdl 32]} 27. Qc4 Rea6 {aiming for ...Ra4.} 28. Nd3 $2 (28. Kb1) 28... Ra4 29. Qd5 c4 30. Nc1 {[#]} e4 $1 {[%mdl 512]} 31. fxe4 fxe4 $2 (31... Qa7 $19 {[%cal Ra4a2] has better winning chances.} 32. Kb1 Rb4) 32. Rhe1 $2 {[%mdl 8192] [#]} (32. c3 $17 Qa7 33. Kb1) 32... e3 $2 $40 {[%mdl 128] Black attacks.} (32... Qa7 $1 $19 {[%cal Ra4a2]} 33. Kb1 Rb8) 33. Re2 $2 {[%mdl 8192]} (33. c3 $11) 33... Qa7 {[%cal Ra4a2] ( -> ...Rxa2+)} 34. Kb1 c3 35. b4 Rxb4+ {[%mdl 64] Double Attack. Black mates.} 36. Ka1 Qa3 {[%csl Gb4,Gc3,Gg7][%cal Ra3b2]} 37. Nd3 Rba4 {Accuracy: White = 11%, Black = 67%.} 0-1

[Event "CCCSA Spring GM Invitational 2019"]
[Site "Charlotte"]
[Date "2019.03.24"]
[Round "9"]
[White "Ringoir, Tanguy"]
[Black "Rohan, Ahuja"]
[Result "1/2-1/2"]
[WhiteElo "2510"]
[BlackElo "2380"]
[Annotator "TA"]
[PlyCount "25"]
[EventDate "2019.03.20"]
[EventType "tourn"]
[EventCountry "USA"]
[SourceTitle "playchess.com"]
[Source "ChessBase"]
[SourceQuality "1"]

{[%evp 22,25,0,0,0,0]} 1. e4 c5 2. Nf3 e6 3. d4 cxd4 4. Nxd4 Nf6 5. Nc3 Nc6 6. Ndb5 Bc5 7. Bf4 O-O {B45: Sicilian Four Knights} 8. Bd6 Qb6 9. Bxc5 Qxc5 10. Qd6 Qb6 $146 ({Predecessor:} 10... Qg5 11. Qg3 Qh6 12. Rd1 d5 13. Nc7 {0-1 (71) Svoboda,S (2331)-El Debs,F (2520) Prague 2014}) 11. Qc7 Qc5 12. Qd6 {LiveBook: 21 Games} Qb6 {And now ...a6 would win.} 13. Qc7 1/2-1/2

[Event "CCCSA Spring GM Invitational 2019"]
[Site "Charlotte"]
[Date "2019.03.24"]
[Round "9"]
[White "Berczes, David"]
[Black "Patel, Advait"]
[Result "1/2-1/2"]
[WhiteElo "2461"]
[BlackElo "2470"]
[Annotator "TA"]
[PlyCount "26"]
[EventDate "2019.03.20"]
[EventType "tourn"]
[EventCountry "USA"]
[SourceTitle "playchess.com"]
[Source "ChessBase"]
[SourceQuality "1"]

{[%evp 13,26,-9,0,0,0,0,0,0,0,0,0,-20,-6,-20,10]} 1. d4 Nf6 2. Nf3 g6 3. Bg5 Bg7 4. Nbd2 O-O 5. c3 d6 6. e3 c5 7. Bxf6 {A48: 1 d4 Nf6 2 Nf3 g6: Torre, London and Colle Systems} (7. Bd3 Nc6 8. dxc5 dxc5 9. Qc2 Qc7 10. h3 Nd5 11. a3 Be6 12. O-O Rad8 13. Bh4 h6 14. Rad1 b6 15. Rfe1 Qc8 {0-1 (51) Indjic,A (2620)-Nepomniachtchi,I (2763) St Petersburg 2018}) 7... Bxf6 {LiveBook: 3 Games. The position is equal.} 8. dxc5 dxc5 9. Ne4 Qb6 10. Nxf6+ exf6 11. Qb3 Be6 12. Qb5 $146 ({Predecessor:} 12. Qxb6 axb6 13. g3 Rd8 14. Be2 Nc6 {½-½ (34) Hamilton,R (2304)-Tyomkin,D (2482) Guelph 2002}) 12... Nc6 13. Be2 Nb8 1/2-1/2

[Event "CCCSA Spring GM Invitational 2019"]
[Site "Charlotte"]
[Date "2019.03.24"]
[Round "9"]
[White "Jacobson, Brandon"]
[Black "Gauri, Shankar"]
[Result "1-0"]
[WhiteElo "2455"]
[BlackElo "2378"]
[Annotator "TA"]
[PlyCount "97"]
[EventDate "2019.03.20"]
[EventType "tourn"]
[EventCountry "USA"]
[SourceTitle "playchess.com"]
[Source "ChessBase"]
[SourceQuality "1"]

{[%evp 15,97,24,28,27,23,24,44,27,47,8,39,0,0,-11,-7,-22,-16,-95,9,-34,-25,-31,35,29,27,3,36,29,54,10,10,17,56,66,75,22,43,20,21,0,50,65,202,210,234,205,220,226,215,174,407,383,575,558,579,578,575,575,547,566,554,531,546,541,491,422,446,389,390,387,510,505,836,828,1083,1066,1306,1293,1224,1185,29978,29979,5622,5408]} 1. d4 d5 2. c4 c6 3. Nf3 Nf6 4. e3 Bf5 5. Nc3 e6 6. Nh4 Be4 7. f3 Bg6 8. Qb3 Qc7 9. Bd2 {D12: Slav Defence: 3 Nf3 Nf6 4 e3 Bf5} Be7 10. g3 (10. Rc1 Nbd7 11. g3 dxc4 12. Bxc4 O-O 13. Nxg6 hxg6 14. Be2 a6 15. O-O b5 16. a4 Qb6 17. axb5 axb5 {0-1 (28) Roiz,M (2605)-Giri,A (2783) St Petersburg 2018}) 10... a6 11. Rc1 {White is slightly better.} dxc4 12. Qxc4 Nbd7 13. a4 $146 ({Predecessor:} 13. Bg2 Rd8 14. Qe2 c5 15. Na4 b5 16. Nxc5 Nxc5 17. Nxg6 hxg6 18. dxc5 Rxh2 {1-0 (27) Bareev,E (2643)-Kobalia,M (2637) Moscow 2010}) 13... Rc8 14. Nxg6 hxg6 15. Qb3 c5 16. e4 (16. Be2 $11) 16... c4 (16... cxd4 $17 17. Ne2 Bc5) 17. Qd1 Qb6 $1 {[%cal Rb6d4]} 18. e5 Nd5 (18... Nh5 $15 19. Ne2 Nxg3 20. Nxg3 Qxd4) 19. Nxd5 $14 exd5 20. Bc3 g5 21. Bg2 Nf8 22. O-O {next f4 is good for White.} Qh6 23. h3 Qc6 24. f4 $36 {[%mdl 2048] White is more active.} gxf4 25. Qg4 (25. gxf4 $16 g6 26. Qf3) 25... g5 26. gxf4 {Hoping for Bxd5!} Rh4 $1 {[%cal Rh4g4]} 27. Qf3 {Threatens to win with fxg5.} (27. Qg3 {with more complications.} gxf4 28. Rxf4 Rxf4 29. Qxf4 Qg6 30. Kh2) 27... Rxf4 28. Qxd5 Qxd5 (28... Ne6 $14) 29. Bxd5 $18 {Rxf4 is the strong threat.} b5 30. Rxf4 gxf4 {[#]} 31. Bb7 $1 {[%cal Rb7c8]} Rb8 32. Bxa6 b4 $2 (32... bxa4 33. Kg2 (33. Bxc4 Bb4 $18) 33... Bb4 34. Bxc4 Bxc3 35. bxc3 Nd7) 33. Be1 Ne6 (33... f6 {keeps fighting.} 34. Bb5+ Kf7 35. Bxc4+ Kg7) 34. Bb5+ Kf8 35. Rxc4 Rd8 36. Bf2 Ng5 37. Kg2 f3+ 38. Kh2 Ne4 39. Be3 Bh4 40. Bc6 f2 41. Kg2 Ke7 {( -> ...Rg8+)} 42. Rc1 (42. Bxe4 Rg8+ 43. Bg6 Rxg6+ 44. Kf3 f1=Q+ 45. Ke4 Qxc4 46. Bf4 Qc2+ 47. Ke3 Rg1 48. Kf3 Qg2+ 49. Ke3 Re1+ 50. Kd3 Qe2#) 42... Rg8+ 43. Kf3 Ng5+ (43... f5 $142 44. exf6+ Nxf6 45. Bxf2 Bxf2) 44. Kg4 {[%mdl 64] [#] Trapped Piece} Rc8 45. d5 Rg8 46. d6+ Ke6 47. Kxh4 Kf5 48. Bxg5 Rxg5 49. Rf1 {Accuracy: White = 55%, Black = 36%.} 1-0

[Event "CCCSA Spring GM Invitational 2019"]
[Site "Charlotte"]
[Date "2019.03.24"]
[Round "9"]
[White "Ostrovskiy, Aleksandr"]
[Black "Yoo, Christopher Woojin"]
[Result "1-0"]
[WhiteElo "2453"]
[BlackElo "2426"]
[Annotator "TA"]
[PlyCount "49"]
[EventDate "2019.03.20"]
[EventType "tourn"]
[EventCountry "USA"]
[SourceTitle "playchess.com"]
[Source "ChessBase"]
[SourceQuality "1"]

{[%evp 9,49,21,27,8,10,16,64,62,64,48,62,47,62,66,110,109,114,131,154,103,122,160,223,217,292,287,393,397,396,389,372,379,397,395,387,386,449,442,444,434,426,423]} 1. e4 c5 2. Nf3 d6 3. Bb5+ Nd7 4. O-O a6 5. Bd3 Ngf6 6. c3 {B51: Sicilian: Moscow Variation (3 Bb5+) without 3...Bd7} b5 7. a4 c4 8. Be2 {White is slightly better.} Bb7 9. axb5 $1 axb5 10. Rxa8 Bxa8 11. Na3 Nxe4 $146 ({Predecessor:} 11... Bxe4 12. Nxb5 d5 {1-0 (28) Svidler,P (2753)-Nepomniachtchi,I (2757) Jerusalem 2018}) 12. Nxb5 d5 13. b3 cxb3 14. Qxb3 e6 15. Ba3 Ndc5 (15... Qb6 $16) 16. Qa2 $18 Be7 {[#]} 17. d3 $1 Nd6 18. Bxc5 Nxb5 19. Qa4 Bc6 {[#]} 20. d4 $1 Qd7 21. Qb4 Bxc5 22. Qxc5 Qd6 23. Bxb5 {White is clearly winning.} Qxc5 24. dxc5 Bxb5 25. Rb1 {Accuracy: White = 82%, Black = 45%.} 1-0

[Event "CCCSA Spring GM Invitational 2019"]
[Site "Charlotte"]
[Date "2019.03.24"]
[Round "9"]
[White "Korley, Kassa"]
[Black "Arribas Lopez, Angel"]
[Result "1/2-1/2"]
[WhiteElo "2437"]
[BlackElo "2443"]
[Annotator "TA"]
[PlyCount "42"]
[EventDate "2019.03.20"]
[EventType "tourn"]
[EventCountry "USA"]
[SourceTitle "playchess.com"]
[Source "ChessBase"]
[SourceQuality "1"]

{[%evp 20,21,10,13]} 1. d4 d6 2. Nf3 Nf6 3. c4 g6 4. Nc3 Bg7 5. e4 Bg4 6. Be2 O-O 7. O-O Nfd7 8. Be3 Nc6 9. d5 Bxf3 10. Bxf3 Na5 11. Be2 {Predecessor:} Bxc3 $146 12. bxc3 e5 13. dxe6 fxe6 14. f4 Qe7 15. Rb1 b6 16. Qc2 Rf7 17. Rf2 Nc5 18. Bxc5 dxc5 19. e5 Rd8 20. g3 Qe8 21. Rff1 Rfd7 {½-½ (64) Nguyen,N (2629)-Akopian,V (2675) Doha 2016} 1/2-1/2

[Event "CCCSA Spring GM Invitational 2019"]
[Site "Charlotte"]
[Date "2019.03.24"]
[Round "9"]
[White "Ezra Paul Chambers"]
[Black "Martin Del Campo C., Roberto"]
[Result "1-0"]
[WhiteElo "2334"]
[BlackElo "2298"]
[Annotator "TA"]
[PlyCount "97"]
[EventDate "2019.03.20"]
[EventType "tourn"]
[EventCountry "USA"]
[SourceTitle "playchess.com"]
[Source "ChessBase"]
[SourceQuality "1"]

{[%evp 25,97,50,50,15,0,14,25,36,59,57,95,69,82,59,129,138,288,133,129,134,228,129,272,272,313,275,314,306,319,326,370,349,721,708,841,841,841,841,824,824,761,705,2514,2490,29989,29990,29990,29991,29989,761,720,703,695,420,416,442,465,430,558,547,506,540,721,718,731,738,725,707,1429,1418,1377,1293,4627,4565]} 1. e4 c5 2. Nf3 d6 3. d4 cxd4 4. Nxd4 Nf6 5. Nc3 Nc6 6. Bg5 e6 7. Qd2 Be7 8. O-O-O O-O 9. f3 Nxd4 10. Qxd4 Qa5 11. Qd2 a6 12. Kb1 Qc7 13. h4 b5 14. g4 {B63: Sicilian: Richter-Rauzer: 7...Be7 and unusual Black 7th moves} Bb7 15. Ne2 Rac8 16. Nd4 {White has an edge.} Rfd8 17. Bd3 Kh8 $146 ({Predecessor:} 17... b4 18. Qe1 a5 19. h5 {½-½ (46) Quesada Perez,Y (2546)-Almeida Quintana,O (2500) Santa Clara 2008}) 18. Rde1 b4 19. h5 Rd7 (19... Kg8 $14) 20. Be3 $16 (20. h6 $6 g6 $14) 20... h6 {[#]} (20... d5 $16) 21. g5 (21. Bxh6 $1 $18 {[%mdl 512] and the rest is easy.} Bf8 (21... gxh6 22. Qxh6+) 22. Bg5) 21... hxg5 22. Bxg5 Qd8 (22... a5 $16 23. Reg1 Nh7) 23. Qg2 (23. h6 g6 $16) (23. Reg1 $18) 23... Ng8 (23... Nh7 $16 {was worth a try.} 24. Bxe7 Qxe7) 24. f4 $18 ({Weaker is} 24. Bxe7 Qxe7 25. Nb3 Qf6 $16) 24... Nh6 25. Reg1 (25. Bxe7 Qxe7 26. Rhg1 Rg8 $16) 25... Qf8 26. Rh3 e5 27. Nf3 exf4 28. Bxf4 Bf6 $2 (28... f5) 29. Bxh6 gxh6 30. Qg4 Qe7 31. Qf4 {[%cal Rf4h6] [#]} Bg5 32. Nxg5 hxg5 33. Rxg5 Qe6 34. Rhg3 Rdd8 35. Rg7 Rg8 36. Qg5 f5 37. Rg6 (37. h6 $142 Rb8 38. h7 Qxa2+ {[%mdl 64] Remove Defender} 39. Kxa2 Bd5+ 40. Ka1 Rgf8 41. Qh5 fxe4 42. Rg8+ Bxg8 43. hxg8=N#) 37... Rxg6 38. hxg6 {Threatening mate with Qh6+.} ({Less strong is} 38. Qxg6 Qxg6 39. Rxg6 fxe4 $14) 38... Kg7 39. Qxf5 Rh8 {Strongly threatening ...Qxf5.} 40. b3 (40. Qxe6 $2 {gets mated.} Rh1+ 41. Rg1 Rxg1+ 42. Bf1 Rxf1#) 40... Rh1+ {White is clearly winning.} 41. Kb2 Qe5+ 42. Qxe5+ dxe5 {[%mdl 4096] Endgame KRB-KRB} 43. Rg5 Re1 44. Rxe5 Kxg6 45. Re6+ Kg5 46. Bxa6 Bxa6 47. Rxa6 Rxe4 48. Rc6 Kf5 49. Rc4 {Accuracy: White = 71%, Black = 16%.} 1-0

[Event "CCCSA Spring GM Invitational 2019"]
[Site "Charlotte"]
[Date "2019.03.24"]
[Round "9"]
[White "Yanayt, Eugene"]
[Black "Jacobson, Aaron"]
[Result "1/2-1/2"]
[WhiteElo "2287"]
[BlackElo "2318"]
[Annotator "RC"]
[PlyCount "90"]
[EventDate "2019.03.20"]
[EventType "tourn"]
[EventCountry "USA"]
[SourceTitle "playchess.com"]
[Source "ChessBase"]
[SourceQuality "1"]
[TimeControl "5400+30"]

1. d4 Nf6 2. c4 e6 3. Nf3 d5 4. g3 Be7 5. Bg2 O-O 6. O-O dxc4 7. Ne5 Nc6 8. Bxc6 bxc6 9. Nxc6 Qe8 10. Nxe7+ Qxe7 11. b3 Rd8 12. bxc4 Qd7 13. Nc3 Qxd4 14. Be3 Qxd1 15. Rfxd1 Ba6 16. Nb5 Nd5 17. a4 Nxe3 18. fxe3 Rxd1+ 19. Rxd1 Bxb5 20. axb5 Kf8 21. Rd7 Rc8 22. c5 c6 23. b6 axb6 24. cxb6 Ke8 25. Rb7 c5 26. Kf2 c4 27. Ke1 c3 28. Kd1 c2+ 29. Kc1 Rc6 30. Rb8+ Ke7 31. b7 Rb6 32. Kxc2 h5 33. Rg8 Rxb7 34. Rxg7 Kf6 35. Rg8 Kf5 36. Kd2 Ke4 37. Rg5 f5 38. Rxh5 Rb2+ 39. Kd1 Kxe3 40. g4 Rd2+ 41. Kc1 Kxe2 42. Rh6 Rd6 43. gxf5 Rd1+ 44. Kc2 Rd2+ 45. Kc1 Rd3 1/2-1/2

[Event "CCCSA Spring GM Invitational 2019"]
[Site "Charlotte"]
[Date "2019.03.24"]
[Round "9"]
[White "Francisco, Richard"]
[Black "Mishra, Abhimanyu"]
[Result "1/2-1/2"]
[WhiteElo "2231"]
[BlackElo "2232"]
[Annotator "TA"]
[PlyCount "85"]
[EventDate "2019.03.20"]
[EventType "tourn"]
[EventCountry "USA"]
[SourceTitle "playchess.com"]
[Source "ChessBase"]
[SourceQuality "1"]

{[%evp 22,85,14,0,28,19,12,13,39,15,39,-29,-22,-62,-7,-62,-21,-17,-14,-26,0,-68,0,-69,-71,-67,-40,-58,-9,-39,-22,-31,-37,-46,-58,-93,-88,-258,8,8,8,8,8,8,9,9,12,14,10,14,15,6,22,22,58,38,41,56,69,37,132,123,106,0,231,238]} 1. e4 c5 2. Nf3 e6 3. d4 cxd4 4. Nxd4 Nc6 5. Nc3 Qc7 6. f4 a6 7. Nxc6 bxc6 8. Bd3 d5 9. Qe2 Nf6 10. O-O Bb7 11. Bd2 Be7 12. Rae1 Nd7 {B46: Sicilian: Taimanov: 5 Nc3 a6} 13. Kh1 O-O 14. Na4 Rfe8 {[#] The position is equal.} 15. c4 $146 (15. exd5 cxd5 16. b3 Bf6 $15) ({Predecessor:} 15. b3 c5 16. c4 d4 17. e5 Bf8 18. Be4 a5 19. Qf3 Bxe4 20. Rxe4 Nb6 {½-½ (36) Topalov,V (2757)-Rublevsky,S (2649) Ajaccio 2004}) 15... d4 16. Qh5 (16. e5 $14) 16... c5 $11 17. b3 Bc6 (17... e5 $15) 18. Rf3 (18. e5 $11 g6 19. Qh3) 18... Nf6 19. Qh3 $1 g6 20. e5 Nd7 21. Rg3 (21. Be4 $11) 21... Bf8 ({Black should play} 21... Bxa4 $15 22. bxa4 Rab8) 22. Rg4 (22. Qg4 $11) 22... Bxa4 $15 23. bxa4 Bg7 24. Rh4 Nf8 25. Be4 Rab8 26. Qa3 Nd7 27. g4 f6 28. f5 Nxe5 29. Qh3 $2 (29. Qg3 $17 {was necessary.}) 29... Bf8 $2 ({Better is} 29... Nxc4 $19 30. Qd3 Nxd2 31. Qxd2 exf5 32. gxf5 Qf7 33. fxg6 hxg6) 30. fxg6 $11 Nxg6 31. Bxg6 hxg6 32. Rh8+ Kf7 $132 {[%mdl 2048] Black is fighting back} 33. Rh7+ Bg7 {[#] White must now prevent ...Kg8.} 34. Bh6 $1 Rg8 35. g5 f5 36. Bxg7 {Bf6+ would kill now.} Rxg7 37. Rxg7+ Kxg7 {[%mdl 4096] Endgame KQR-KQR} 38. Qh6+ Kg8 {Hoping for ...Qc6+.} 39. Qxg6+ {[%mdl 64] [#] Double Attack} Kh8 40. Qxe6 {And now Qf6+ would win.} Qf4 ({Black should try} 40... d3 $1 $14) 41. Qf6+ $16 Kg8 42. Qc6 ({But not} 42. Qxa6 $6 Qf3+ 43. Kg1 Qg4+ {[%mdl 64] Double Attack} 44. Kh1 Qf3+ 45. Kg1 Qg4+ {[%mdl 64] Double Attack} 46. Kh1 Qf3+ $11) ({White must play} 42. Qg6+ $16 Kh8 43. Qh5+ (43. Qxa6 Qf3+ 44. Kg1 Qg4+ {[%mdl 64] Double Attack} 45. Kh1 Qf3+ 46. Kg1 Qg4+ {[%mdl 64] Double Attack} 47. Kh1 Qf3+ $11) 43... Kg8 44. g6 (44. Qg6+ Kh8 $16)) 42... Rf8 $2 (42... Qf2 $1 $11 {and Black is okay.} 43. Qe6+ (43. Qd5+ Kh8 $11) 43... Kh8) 43. Qg6+ {Accuracy: White = 40%, Black = 39%.} 1/2-1/2

[Event "CCCSA Spring GM Invitational 2019"]
[Site "Charlotte"]
[Date "2019.03.24"]
[Round "9"]
[White "Adamson, Robby"]
[Black "Stremavicius, Titas"]
[Result "0-1"]
[WhiteElo "2216"]
[BlackElo "2472"]
[Annotator "TA"]
[PlyCount "68"]
[EventDate "2019.03.20"]
[EventType "tourn"]
[EventCountry "USA"]
[SourceTitle "playchess.com"]
[Source "ChessBase"]
[SourceQuality "1"]

{[%evp 11,68,47,54,15,26,12,30,-4,8,-36,22,1,22,-72,-64,-62,-66,-71,-76,-123,-122,-204,-190,-203,-217,-385,-237,-227,-212,-233,-170,-397,-387,-377,-354,-385,-239,-405,-367,-544,-379,-442,-407,-855,-814,-736,-556,-797,-797,-1086,-1075,-1138,-1134,-2008,-1644,-29996,-29997,-29997,-29998]} 1. e4 d6 2. d4 Nf6 3. Nc3 g6 4. Bg5 c6 5. Qd2 h6 6. Bf4 Bg7 7. O-O-O {B07: Pirc Defence: Miscellaneous Systems} (7. h3 Nfd7 8. Nf3 e5 9. Be3 Qe7 10. Rd1 a6 11. Be2 b5 12. a3 Bb7 13. O-O h5 14. Bg5 f6 {0-1 (54) Sjugirov,S (2665)-Onischuk,V (2613) Almaty 2016}) 7... b5 {[%cal Bb7b5,Bb5b4][%mdl 32]} 8. f3 b4 9. Nce2 {White has an edge.} a5 10. g4 Nbd7 (10... h5 $15) 11. Ng3 Nb6 $146 ({Predecessor:} 11... Qc7 12. h4 e5 13. dxe5 dxe5 14. Be3 h5 15. gxh5 Nxh5 16. Nxh5 Rxh5 {1-0 (33) Aabling Thomsen,J (2333)-Klings,P (2128) Helsingor 2014}) 12. g5 (12. Kb1 $11 {remains equal.}) 12... hxg5 $17 13. Bxg5 Qc7 14. h4 Bd7 15. Re1 c5 16. e5 {[#]} (16. Kb1 $17 {was necessary.}) 16... dxe5 $1 $19 17. dxe5 Nfd5 18. Qe2 $2 (18. h5 Bxe5 {[#]} 19. f4 $1 {[%mdl 512]} Bxf4 20. Bxf4 Qxf4 21. Qxf4 Nxf4 22. hxg6 Nxg6 23. Rxh8+ Nxh8 24. Ne4) 18... O-O-O 19. h5 gxh5 20. Rxh5 Kb8 21. Bh3 $2 (21. Nh3) 21... Bc6 22. Rxh8 Bxh8 ({Not} 22... Rxh8 23. Kb1 $17) 23. Nf5 Rg8 24. Bh4 $2 (24. f4) 24... a4 25. Nh6 (25. f4 $142 e6 26. Nh6) 25... Rf8 26. Bg3 a3 27. bxa3 (27. b3 $142 c4 28. Qd2) 27... Qa7 28. Qd3 e6 29. Bf2 c4 30. Bxb6 Qxb6 (30... cxd3 $2 31. Bxa7+ Kxa7 32. Bf1 $19) 31. Qxc4 Rc8 32. Ne2 Ba4 33. Qd4 Rxc2+ {[%mdl 64] Double Attack} 34. Kb1 Qxd4 {Accuracy: White = 14%, Black = 84%.} 0-1